| 000 | 00956nas a2200253Ia 4500 | ||
|---|---|---|---|
| 001 | R122/45019 | ||
| 003 | IT-RoPAU | ||
| 008 | 151124c99999999xx |||||||||||| ||und|| | ||
| 040 | _aIT-RoPAU | ||
| 040 | _cIT-RoPAU | ||
| 041 | _aITALIANO | ||
| 100 |
_aGuglielmi Nino _gCodice Aut. SPICS: 5707 |
||
| 210 | _aMASS MEDIA | ||
| 222 | _aMass Media | ||
| 245 |
_aMASS MEDIA, ANNO 02-N.5 (NOVEMBRE/DICEMBRE 1983) _bDa Rio A San Paulo Le Radio, Le Tv, I Giornali E Gli Studi Sui Media |
||
| 250 | _a1a ed. | ||
| 260 |
_aITALIA _bCAPONE CAVALLINO DI LECCE _c1983 |
||
| 501 |
_bPaulus - SPICS - Società San Paolo EM (non-commercial uses only) _cCopyright2015 |
||
| 300 | _a4 p. [33-36] | ||
| 362 | _aANNO 002, N.05 (NOVEMBRE/DICEMBRE 1983) | ||
| 500 | _aComunicazioni di Massa in Brasile. Radio. Televisione. Stampa Quotidiana Eperiodica. Stampa Sui Mass Media. Libri Sui Mass Media. | ||
| 650 |
_aCOMUNICAZIONE _vPUBBLICAZIONE PERIODICA |
||
| 942 | _cCR | ||
| 999 |
_c112013 _d112013 |
||